• 首页
  • 本馆介绍
  • 公告通知
  • 最新文献
  • 馆藏检索
  • 电子资源
  • 读者导购
  • 参考咨询
  • 我的图书馆
  • 登录
  • 详细信息显示
  • 放入我的书架
  • 预约/预借图书
  • 作者相关作品
  • 分类相关作品
  • 丛书相关作品
  • 出版社相关作品

书目信息

  • 表格格式
  • 工作单格式
  • 卡片格式
题名:
欧洲古典和浪漫主义音乐文化研究
    
 
作者: 詹林平, 著
分册:  
出版信息: 长春   吉林大学出版社  2022.02
页数: 276页
开本: 24cm
丛书名:
单 册:
中图分类: J605.5
科图分类:
主题词: 古典音乐--gu dian yin yue--音乐文化--文化研究--欧洲 , 浪漫主义--lang man zhu yi--音乐文化--文化研究--欧洲
电子资源:
ISBN: 978-7-5692-9971-7
000 01371nam0 2200265 450
001 CAL 0120227434711
005 20230217093113.0
010    @a978-7-5692-9971-7@dCNY89.00
100    @a20220726d2022 em y0chiy0120 ea
101 0  @achi
102    @aCN@b220000
105    @ay a 000yy
106    @ar
200 1  @a欧洲古典和浪漫主义音乐文化研究@Aou zhou gu dian he lang man zhu yi yin yue wen hua yan jiu@f詹林平著
210    @a长春@c吉林大学出版社@d2022.02
215    @a276页@d24cm
314    @a詹林平, 男, 出生于1972年11月, 毕业于中国音乐学院, 音乐与舞蹈学博士。
320    @a有书目
330    @a本书属于音乐学方面的著作, 由欧洲喜歌剧的兴起与繁荣、欧洲前古典主义时期的器乐、古典主义时期的大师海顿和莫扎特、古典主义时期的大师贝多芬、浪漫主义时期德奥音乐的兴起、浪漫主义时期欧洲音乐的繁荣、十九世纪上半叶法国和意大利的歌剧音乐文化、从标题交响音乐到交响诗、十九世纪中下叶的德国音乐文化、十九世纪中下叶的法国和意大利的歌剧等内容组成, 探讨欧洲古典时期和浪漫主义时期音乐文化特征及发展脉络, 分析具有代表性的音乐大师及其作品, 为读者展现了一幅生动的音乐画卷, 对相关从业人员有一定的借鉴意义。
606 0  @a古典音乐@Agu dian yin yue@x音乐文化@x文化研究@y欧洲
606 0  @a浪漫主义@Alang man zhu yi@x音乐文化@x文化研究@y欧洲
690    @aJ605.5@v5
701  0 @a詹林平,@Azhan lin ping@f1972-@4著
801  0 @aCN@bBJXHZP@c20230228
905    @b1405120-3@dJ605.5@e1493@f4
    
    欧洲古典和浪漫主义音乐文化研究/詹林平著.-长春:吉林大学出版社,2022.02
    276页;24cm
    
    
    ISBN 978-7-5692-9971-7:CNY89.00
    本书属于音乐学方面的著作, 由欧洲喜歌剧的兴起与繁荣、欧洲前古典主义时期的器乐、古典主义时期的大师海顿和莫扎特、古典主义时期的大师贝多芬、浪漫主义时期德奥音乐的兴起、浪漫主义时期欧洲音乐的繁荣、十九世纪上半叶法国和意大利的歌剧音乐文化、从标题交响音乐到交响诗、十九世纪中下叶的德国音乐文化、十九世纪中下叶的法国和意大利的歌剧等内容组成, 探讨欧洲古典时期和浪漫主义时期音乐文化特征及发展脉络, 分析具有代表性的音乐大师及其作品, 为读者展现了一幅生动的音乐画卷, 对相关从业人员有一定的借鉴意义。
●
相关链接 在E读中查询图书 在五车中查询图书 在当当中查询图书 在豆瓣中查询图书


正题名:欧洲古典和浪漫主义音乐文化研究     索取号:J605.5/1493         预约/预借

序号 登录号 条形码 馆藏地/架位号 状态 备注
1 1405120   214051201   第一样本阅览室/ [索取号:J605.5/1493] 在馆    
2 1405121   214051210   第一借阅区/ [索取号:J605.5/1493] 在馆    
3 1405122   214051229   第一借阅区/ [索取号:J605.5/1493] 在馆    
4 1405123   214051238   第一借阅区/ [索取号:J605.5/1493] 在馆    
唐山师范学院图书馆 欢迎您!
大连网信软件有限公司© 版权所有